| Record ID | ia:killkillfasterfa0000rose |
| Source | Internet Archive |
| Download MARC XML | https://archive.org/download/killkillfasterfa0000rose/killkillfasterfa0000rose_marc.xml |
| Download MARC binary | https://www.archive.org/download/killkillfasterfa0000rose/killkillfasterfa0000rose_meta.mrc |
LEADER: 01009cam 2200361 a 4500
001 ocm38207680
003 OCoLC
005 20201114225031.0
008 020211s1997 stk 000 f eng
040 $aUKM$beng$cUKM$dOCLCQ$dCNGUL$dOCLCQ
015 $aGB9803487$2bnb
019 $a966251260
020 $a0862416973
020 $a9780862416973
035 $a(OCoLC)38207680$z(OCoLC)966251260
082 04 $a813.54$221
084 $aI712.45$2clc
100 1 $aRose, Joel.
245 10 $aKill kill faster faster /$cJoel Rose.
260 $aEdinburgh :$bRebel Inc,$c1997.
300 $a197 pages ;$c20 cm
336 $atext$btxt$2rdacontent
337 $aunmediated$bn$2rdamedia
338 $avolume$bnc$2rdacarrier
029 1 $aAU@$b000013568930
029 1 $aAU@$b000044144571
029 1 $aNZ1$b3255175
029 1 $aUKWLT$b301147
029 1 $aUKYLI$b0862416973
029 1 $aUNITY$b020436688
029 1 $aUNITY$b029077354
994 $aZ0$bP4A
948 $hNO HOLDINGS IN P4A - 23 OTHER HOLDINGS